[Event "Sparkassen-Open B"]
[Site "Heusenstamm, Martinsee"]
[Date "2017.11.25"]
[Round "4.9"]
[White "Füssel, Jan Michael"]
[Black "Hofmann, Werner"]
[Result "0-1"]
[WhiteElo "1772"]
[BlackElo "1624"]
[PlyCount "94"]
[EventDate "2017.??.??"]
[WhiteTeam "VSG Offenbach"]
[BlackTeam "SV Kelsterbach"]

1. b3 d5 2. Bb2 e6 3. Nf3 f5 4. e3 Nf6 5. c4 c6 6. Be2 Bd6 7. d4 O-O 8. O-O Ne4
9. Ne5 Nd7 10. f3 Ng5 11. Nd2 Nxe5 12. dxe5 Bc5 13. Bd4 Qb6 14. Nb1 f4 15. Kf2
fxe3+ 16. Kxe3 Rf5 17. f4 Ne4 18. Bxc5 Nxc5 19. Kf3 g5 20. g3 Qc7 21. Qd4 Ne4
22. Bd3 gxf4 23. gxf4 Qf7 24. Rg1+ Kh8 25. Rg4 h5 26. Rh4 Qe7 27. Rh3 Ng5+ 28.
Kg3 Nxh3 29. Bxf5 Qg7+ 30. Kxh3 exf5 31. Qd1 Qg4+ 32. Qxg4 hxg4+ 33. Kg3 dxc4
34. bxc4 Be6 35. Kf2 Bxc4 36. Na3 Bd5 37. Rb1 b6 38. Rb2 Kg7 39. Ke3 Rh8 40.
Nb1 Rh3+ 41. Kd4 Rf3 42. Nc3 Rxf4+ 43. Ke3 Rf3+ 44. Kd2 Rf2+ 45. Ne2 Rxh2 46.
Ke3 Bf3 47. Rd2 Rxe2+ 0-1

[Event "Sparkassen-Open B"]
[Site "Heusenstamm, Martinsee"]
[Date "2017.11.25"]
[Round "4.10"]
[White "Kodalle, Dominik"]
[Black "Haftmann, Rainer"]
[Result "0-1"]
[WhiteElo "1589"]
[BlackElo "1768"]
[PlyCount "98"]
[EventDate "2017.??.??"]
[WhiteTeam "Aschaffenburg-Schweinheim"]
[BlackTeam "SG Dietzenbach"]

1. c4 Nf6 2. Nc3 e6 3. g3 d5 4. cxd5 exd5 5. Bg2 c6 6. d3 Bf5 7. Nf3 Nbd7 8. a3
Bd6 9. b4 a6 10. O-O O-O 11. Bb2 Re8 12. Nd4 Bg6 13. Nb3 Bc7 14. Na4 Rc8 15.
Nac5 Rb8 16. Rc1 Bb6 17. Rc2 Nxc5 18. Nxc5 Nd7 19. Nb3 Qe7 20. Rd2 Rbd8 21. d4
Nf6 22. Nc5 Ne4 23. Nxe4 Bxe4 24. Bh3 Rd6 25. f3 Bg6 26. Re1 Qe3+ 27. Kh1 Rf6
28. Bg2 Rfe6 29. Bc1 Qg5 30. e4 dxe4 31. fxe4 Bxe4 32. Bxe4 Rxe4 33. Rde2 Qd5
34. Rxe4 Rxe4 35. Rxe4 Qxe4+ 36. Kg1 Bxd4+ 37. Kf1 Qh1+ 38. Ke2 Qxd1+ 39. Kxd1
f5 40. Ke2 Kf7 41. Kd3 Bg1 42. h3 Ke6 43. Bf4 Kd5 44. Bb8 g5 45. Bc7 h5 46. Bd8
g4 47. h4 c5 48. bxc5 Bxc5 49. a4 Bd6 0-1

[Event "Sparkassen-Open B"]
[Site "Heusenstamm, Martinsee"]
[Date "2017.11.25"]
[Round "4.11"]
[White "Schwarz, Matthias"]
[Black "Pohle, Saskia"]
[Result "1-0"]
[WhiteElo "1767"]
[BlackElo "1497"]
[PlyCount "43"]
[EventDate "2017.??.??"]
[WhiteTeam "SG Idstein"]
[BlackTeam "Muldental Wilkau-Haßlau"]

1. e4 e5 2. Nf3 Nc6 3. Bc4 Nf6 4. d3 Be7 5. Nc3 O-O 6. Be3 d6 7. h3 a6 8. g4 b5
9. g5 bxc4 10. gxf6 Bxf6 11. dxc4 Kh8 12. Qd2 Rb8 13. b3 Be6 14. Nd5 Rg8 15.
O-O-O Be7 16. Rdg1 Qc8 17. h4 Qb7 18. Qe2 a5 19. Ng5 Rbf8 20. Qh5 h6 21. Nxe6
fxe6 22. Bxh6 1-0

[Event "Sparkassen-Open B"]
[Site "Heusenstamm, Martinsee"]
[Date "2017.11.25"]
[Round "4.12"]
[White "Kiel, Gerhard"]
[Black "Baranyai-Molnar, Adam-Kristof"]
[Result "1-0"]
[WhiteElo "1571"]
[BlackElo "1715"]
[PlyCount "75"]
[EventDate "2017.??.??"]
[WhiteTeam "vereinslos"]
[BlackTeam "SF Neuberg"]

1. Nf3 d5 2. b3 c5 3. Bb2 Nc6 4. e3 Nf6 5. Bb5 a6 6. Bxc6+ bxc6 7. Ne5 Qc7 8.
d3 e6 9. Nd2 Bd6 10. f4 O-O 11. O-O Bb7 12. Rf3 Nd7 13. Nxd7 Qxd7 14. Rg3 f6
15. Qh5 d4 16. Ne4 e5 17. Nxd6 Qxd6 18. Rh3 h6 19. Qg6 exf4 20. e4 Rf7 21. Rxh6
Kf8 22. Rh8+ Ke7 23. Rxa8 Bxa8 24. Rf1 Qe5 25. Bc1 Qg5 26. Qf5 Qxf5 27. exf5
Kd7 28. Rxf4 Bb7 29. Ba3 Re7 30. Kf2 Re5 31. g4 Ke8 32. Re4 Kf7 33. Rxe5 fxe5
34. Bxc5 Kf6 35. Kf3 Kf7 36. Ke4 Kf6 37. h4 g5 38. h5 1-0

[Event "Sparkassen-Open B"]
[Site "Heusenstamm, Martinsee"]
[Date "2017.11.25"]
[Round "4.13"]
[White "Bunjaku, Lulzim"]
[Black "Strate, Wolfgang"]
[Result "1-0"]
[WhiteElo "1756"]
[BlackElo "1602"]
[PlyCount "55"]
[EventDate "2017.??.??"]
[WhiteTeam "SC Heusenstamm"]
[BlackTeam "SC Eschbach"]

1. f4 Nf6 2. Nf3 d5 3. d4 Bf5 4. e3 e6 5. Bd3 Bxd3 6. cxd3 Bb4+ 7. Nc3 O-O 8.
O-O Nbd7 9. Bd2 c5 10. a3 Bxc3 11. bxc3 Qc7 12. Ne5 Rac8 13. Rf3 c4 14. dxc4
dxc4 15. Qc2 Qa5 16. Rh3 Qd5 17. Nxd7 Qxd7 18. e4 g6 19. Rf1 Qc6 20. Re1 Rfe8
21. Bc1 Nh5 22. g4 Nf6 23. Qe2 Kg7 24. e5 Nd5 25. f5 exf5 26. gxf5 Nf6 27.
exf6+ Qxf6 28. Bh6+ 1-0

[Event "Sparkassen-Open B"]
[Site "Heusenstamm, Martinsee"]
[Date "2017.11.25"]
[Round "4.14"]
[White "Popp, Johann"]
[Black "Kohn, Matthias"]
[Result "1/2-1/2"]
[WhiteElo "1561"]
[BlackElo "1739"]
[PlyCount "152"]
[EventDate "2017.??.??"]
[WhiteTeam "SG Rödermark"]
[BlackTeam "SF Mahndorf"]

1. d4 c5 2. c3 Qa5 3. Nf3 Nf6 4. Nbd2 e6 5. Nb3 Qc7 6. dxc5 Na6 7. Be3 Ng4 8.
Bg5 h6 9. Bh4 Nxc5 10. h3 Nxb3 11. Qxb3 Nf6 12. Bg3 Qa5 13. e3 Be7 14. Bd3 O-O
15. O-O b6 16. Rfd1 Bb7 17. Nd2 Rac8 18. Nc4 Qg5 19. Bf1 Bc5 20. Qc2 d5 21. Bf4
Qh5 22. Be2 Qh4 23. Bg3 Qg5 24. Bf4 Qg6 25. Bd3 Ne4 26. Ne5 Qh5 27. Bxe4 dxe4
28. Nd7 Rfd8 29. Nxc5 Qxc5 30. Rxd8+ Rxd8 31. Rd1 Qe7 32. Be5 f5 33. Rd4 Bd5
34. c4 Rc8 35. Qb3 Bb7 36. Qd1 Ba6 37. Rd7 Qc5 38. Rxg7+ Kf8 39. Qd4 Qxd4 40.
Bxd4 Bxc4 41. Rxa7 b5 42. Bg7+ Ke8 43. Bxh6 Bd5 44. a3 Rc1+ 45. Kh2 Rc2 46. Kg3
Rxb2 47. Bf4 Ra2 48. Bd6 Bc4 49. h4 Ra1 50. Kf4 Rh1 51. g3 Rh2 52. Kg5 Rxf2 53.
h5 Rh2 54. h6 e5 55. Bxe5 Bf7 56. Kxf5 Rxh6 57. Kxe4 Rh1 58. Kd4 Rd1+ 59. Kc3
Bc4 60. Bf4 Be2 61. e4 Rd3+ 62. Kc2 Rd4 63. e5 Bg4 64. Kc3 Rc4+ 65. Kb3 Be6 66.
Kb2 Re4 67. Ra5 Bd7 68. Kc3 Kf7 69. Kd3 Re1 70. Kd4 Ke7 71. Kc5 Rc1+ 72. Kb6
Rc3 73. Ra7 Ke8 74. Ra8+ Ke7 75. Ra7 Ke8 76. Ra8+ Ke7 1/2-1/2

[Event "Sparkassen-Open B"]
[Site "Heusenstamm, Martinsee"]
[Date "2017.11.25"]
[Round "4.15"]
[White "Mügendt, Brian Christopher"]
[Black "Emig, Nils"]
[Result "1/2-1/2"]
[WhiteElo "1732"]
[BlackElo "1600"]
[PlyCount "52"]
[EventDate "2017.??.??"]
[WhiteTeam "SC Heusenstamm"]
[BlackTeam "SK Marburg"]

1. e4 c5 2. Nc3 a6 3. Nf3 e6 4. d4 cxd4 5. Nxd4 Nc6 6. Be3 Qc7 7. a3 Nf6 8. Be2
Be7 9. O-O b5 10. Kh1 Bb7 11. f4 Rc8 12. Bf3 b4 13. axb4 Bxb4 14. e5 Ng8 15.
Na4 Nxd4 16. Qxd4 Bxf3 17. Rxf3 Be7 18. Rd1 Nh6 19. Nb6 Nf5 20. Qxd7+ Qxd7 21.
Rxd7 Rxc2 22. Bg1 Rxb2 23. Rc3 Rxb6 24. Bxb6 Kxd7 25. Rc7+ Kd8 26. Rc6+ Kd7
1/2-1/2

[Event "Sparkassen-Open B"]
[Site "Heusenstamm, Martinsee"]
[Date "2017.11.25"]
[Round "4.16"]
[White "Mook, Karl-Jürgen"]
[Black "Schwenk, Stefan"]
[Result "0-1"]
[WhiteElo "1529"]
[BlackElo "1727"]
[PlyCount "95"]
[EventDate "2017.??.??"]
[WhiteTeam "SC Sulzbach"]
[BlackTeam "TuS Dotzheim"]

1. e4 c5 2. b3 e6 3. Bb2 Nc6 4. Nf3 d5 5. exd5 exd5 6. d4 Nf6 7. Be2 Bf5 8. a3
Rc8 9. dxc5 Bxc5 10. b4 Bb6 11. O-O O-O 12. Bd3 Ne4 13. Nbd2 Re8 14. Nb3 d4 15.
Re1 Nc3 16. Bxc3 Rxe1+ 17. Nxe1 Bxd3 18. Nxd3 dxc3 19. Qe2 g6 20. Re1 Qf6 21.
g3 Rd8 22. Qe4 a6 23. Re2 Bd4 24. Kg2 Qd6 25. Qf4 Qd5+ 26. Qf3 Qxf3+ 27. Kxf3
b6 28. Kg2 Kg7 29. Re4 Bf6 30. Re2 a5 31. b5 Nd4 32. Nxd4 Rxd4 33. Re1 Ra4 34.
Ra1 Be7 35. Nf4 Rd4 36. Ne2 Rd2 37. Nxc3 Rxc2 38. Nd5 Bc5 39. Rf1 Ra2 40. Nc7
Bxa3 41. Ne8+ Kf8 42. Nf6 Kg7 43. Ne8+ Kh6 44. Nf6 Rb2 45. Kf3 Rxb5 46. g4 g5
47. Ng8+ Kg7 48. Ne7 0-1

[Event "Sparkassen-Open B"]
[Site "Heusenstamm, Martinsee"]
[Date "2017.11.25"]
[Round "4.17"]
[White "Peteani, Damien"]
[Black "Deutsch, Volker"]
[Result "1-0"]
[WhiteElo "1687"]
[BlackElo "1578"]
[PlyCount "75"]
[EventDate "2017.??.??"]
[WhiteTeam "SV Groß-Gerau"]
[BlackTeam "SK Gründau"]

1. e4 e5 2. Nf3 Nc6 3. Bc4 Bc5 4. b4 Bxb4 5. c3 Ba5 6. d4 exd4 7. O-O Bxc3 8.
Nxc3 dxc3 9. Qb3 Qe7 10. Qxc3 Qf6 11. e5 Qe7 12. Ba3 Qd8 13. e6 fxe6 14. Qxg7
Qf6 15. Bb2 e5 16. Qxf6 Nxf6 17. Nxe5 Rf8 18. Rfe1 Ne7 19. Re2 d5 20. Bb5+ Kd8
21. Ba3 Nfg8 22. Rae1 Rf6 23. Ng6 Rxg6 24. Rxe7 c6 25. Re8+ Kc7 26. Bd3 Rg7 27.
Bb2 Rg5 28. f4 Rg4 29. h3 Rg3 30. Bxh7 Bxh3 31. Rxa8 Rxg2+ 32. Kh1 Nh6 33. Be5+
Kb6 34. Bd4+ Kc7 35. Re7+ Kd6 36. Rg7 Ng4 37. Rd8+ Ke6 38. f5# 1-0

[Event "Sparkassen-Open B"]
[Site "Heusenstamm, Martinsee"]
[Date "2017.11.25"]
[Round "4.18"]
[White "Westhof, Benedikt"]
[Black "Friedel, Thomas"]
[Result "1-0"]
[WhiteElo "1681"]
[BlackElo "1582"]
[PlyCount "80"]
[EventDate "2017.??.??"]
[WhiteTeam "SC Heusenstamm"]
[BlackTeam "SV Groß-Gerau"]

1. d4 d5 2. c4 c6 3. Nc3 Nf6 4. Bg5 e6 5. e3 Be7 6. Nf3 Nbd7 7. c5 O-O 8. Bd3
Re8 9. O-O Qc7 10. Bf4 Qd8 11. Qc2 g6 12. b4 a6 13. a4 Bf8 14. b5 e5 15. Nxe5
Nxe5 16. Bxe5 Nh5 17. Rfb1 Bxc5 18. Ne2 Bd6 19. bxc6 Bxe5 20. cxb7 Bxb7 21.
dxe5 Qd7 22. Rb6 Rxe5 23. Qb2 Re7 24. Rb1 Ra7 25. Qd4 f6 26. Nf4 Nxf4 27. Qxf4
f5 28. Qb8+ Bc8 29. Rd6 Qc7 30. Bxa6 Re8 31. Qxc7 Rxc7 32. Bb5 Rb7 33. Rc1 Rf8
34. Rxd5 Be6 35. Rdc5 Rd8 36. Kf1 Rd2 37. R5c2 Rd6 38. Rc6 Rb6 39. Rxb6 Rxb6
40. Rc6 Bc4+ 1-0

[Event "Sparkassen-Open B"]
[Site "Heusenstamm, Martinsee"]
[Date "2017.11.25"]
[Round "4.19"]
[White "Adlhoch, Walter"]
[Black "Gade, Bernt"]
[Result "0-1"]
[WhiteElo "1542"]
[BlackElo "1666"]
[PlyCount "62"]
[EventDate "2017.??.??"]
[WhiteTeam "SK Schwandorf"]
[BlackTeam "Berkershm"]

1. c4 c5 2. Nc3 Nf6 3. Nf3 Nc6 4. g3 e6 5. e4 d6 6. Bg2 e5 7. a3 Be7 8. Rb1 O-O
9. d3 Bg4 10. O-O Qd7 11. b4 cxb4 12. axb4 Nd4 13. Be3 Nxf3+ 14. Bxf3 Bh3 15.
Bg2 b6 16. d4 Bxg2 17. Kxg2 Rac8 18. Qe2 Ng4 19. Nd5 Nxe3+ 20. Nxe3 exd4 21.
Nd5 Qe6 22. Qd3 Bf6 23. Nxf6+ Qxf6 24. Rfd1 Qe6 25. Rbc1 Rfe8 26. f3 Rc6 27. b5
Rc7 28. Qxd4 Rd8 29. e5 Rcd7 30. exd6 Rxd6 31. Qf4 Qe2+ 0-1

[Event "Sparkassen-Open B"]
[Site "Heusenstamm, Martinsee"]
[Date "2017.11.25"]
[Round "4.20"]
[White "Stork, Christopher"]
[Black "Al-Butmeh, Firas"]
[Result "1/2-1/2"]
[WhiteElo "1664"]
[BlackElo "1325"]
[PlyCount "32"]
[EventDate "2017.??.??"]
[WhiteTeam "SV Oberursel"]
[BlackTeam "SV Lahn Limburg"]

1. e4 c5 2. Nf3 g6 3. d4 cxd4 4. Nxd4 Nc6 5. Nc3 Bg7 6. Be3 e6 7. Ndb5 Bxc3+ 8.
bxc3 d5 9. Bf4 e5 10. exd5 exf4 11. dxc6 bxc6 12. Nd6+ Kf8 13. Bc4 Qe7+ 14. Be2
Ba6 15. c4 Rd8 16. c5 Nf6 1/2-1/2

[Event "Sparkassen-Open B"]
[Site "Heusenstamm, Martinsee"]
[Date "2017.11.25"]
[Round "4.21"]
[White "Weber, Detlef"]
[Black "Bayer, Oliver"]
[Result "1-0"]
[WhiteElo "1633"]
[BlackElo "1526"]
[PlyCount "85"]
[EventDate "2017.??.??"]
[WhiteTeam "SC Höxter"]
[BlackTeam "SK Gründau"]

1. e4 e5 2. Nf3 Nc6 3. Bc4 Bc5 4. c3 Nf6 5. d3 d5 6. exd5 Nxd5 7. O-O O-O 8. h3
Kh8 9. Bg5 f6 10. Bh4 Nb6 11. Bb5 Be7 12. Re1 a6 13. Bxc6 bxc6 14. d4 Qd6 15.
Bg3 Nd7 16. dxe5 fxe5 17. Nxe5 Nxe5 18. Bxe5 Qxd1 19. Rxd1 Bc5 20. Bd4 Bxd4 21.
Rxd4 Bf5 22. g4 Bg6 23. Na3 Rab8 24. b3 Be8 25. Rad1 Kg8 26. Rd8 Bg6 27. Rxb8
Rxb8 28. f4 Bf7 29. f5 Kf8 30. Rd7 Rb7 31. Kf2 Ke8 32. Rd2 Ke7 33. c4 c5 34.
Nc2 g6 35. Ne3 c6 36. g5 Rd7 37. f6+ Ke8 38. Rxd7 Kxd7 39. Ng4 a5 40. Ne5+ Ke8
41. Nxf7 Kxf7 42. Ke3 h6 43. h4 1-0

[Event "Sparkassen-Open B"]
[Site "Heusenstamm, Martinsee"]
[Date "2017.11.25"]
[Round "4.22"]
[White "Pomrehn, Ole Magnus"]
[Black "Hänselmann, Hendrik"]
[Result "0-1"]
[WhiteElo "1512"]
[BlackElo "1597"]
[PlyCount "119"]
[EventDate "2017.??.??"]
[WhiteTeam "SF Schöneck"]
[BlackTeam "Karlsruher SF"]

1. d4 Nf6 2. Nf3 e6 3. Bg5 b6 4. e3 Bb7 5. Nbd2 d6 6. c3 Be7 7. Bd3 O-O 8. O-O
Nbd7 9. Qc2 h6 10. Bh4 c5 11. Rfe1 Qc7 12. Rac1 Rac8 13. Qd1 Rfd8 14. Qe2 Qb8
15. h3 d5 16. Bg3 Bd6 17. Bxd6 Qxd6 18. Red1 e5 19. dxe5 Nxe5 20. Nxe5 Qxe5 21.
Nf3 Qe7 22. Qf1 Rd6 23. Ba6 Rcd8 24. Bxb7 Qxb7 25. a3 Ne4 26. Qe2 Qd7 27. Qc2
Re8 28. Rd3 Ree6 29. Rf1 Rf6 30. Qe2 Qe6 31. Nd2 Ng5 32. e4 Nxe4 33. Nxe4 Qxe4
34. Qxe4 dxe4 35. Rxd6 Rxd6 36. Rb1 Rd2 37. Kf1 Kf8 38. b3 Ke7 39. Re1 f5 40.
f3 Kd6 41. fxe4 fxe4 42. Rxe4 Rc2 43. Re3 Ra2 44. a4 c4 45. b4 Rxa4 46. Re2 Ra3
47. Rc2 Ke5 48. Kf2 Ke4 49. Ke2 a5 50. bxa5 bxa5 51. g3 a4 52. g4 Rb3 53. Kd2
a3 54. Ra2 Rb2+ 55. Rxb2 axb2 56. Kc2 g5 57. Kxb2 Kd3 58. Kb1 Kxc3 59. Kc1 Kb3
60. Kb1 0-1

[Event "Sparkassen-Open B"]
[Site "Heusenstamm, Martinsee"]
[Date "2017.11.25"]
[Round "4.24"]
[White "John, Volkmar"]
[Black "Ummen, Jonathan"]
[Result "1-0"]
[WhiteElo "1796"]
[BlackElo "1520"]
[PlyCount "33"]
[EventDate "2017.??.??"]
[WhiteTeam "SK Herborn"]
[BlackTeam "vereinslos"]

1. e4 e6 2. d4 d5 3. Nc3 Nf6 4. Bg5 Be7 5. e5 Nfd7 6. Bxe7 Qxe7 7. f4 c5 8. Nb5
Nb6 9. Nd6+ Kf8 10. dxc5 N8d7 11. cxb6 Nxb6 12. Nf3 h6 13. Bd3 Nc4 14. Nxc4
dxc4 15. Bxc4 Qb4+ 16. Qd2 Qxc4 17. Qd8# 1-0

[Event "Sparkassen-Open B"]
[Site "Heusenstamm, Martinsee"]
[Date "2017.11.25"]
[Round "4.25"]
[White "Lanz, Udo"]
[Black "Kirchner, Stefan"]
[Result "1-0"]
[WhiteElo "1782"]
[BlackElo "1546"]
[PlyCount "47"]
[EventDate "2017.??.??"]
[WhiteTeam "VSG Offenbach"]
[BlackTeam "SF Schöneck"]

1. e4 c5 2. Nf3 e6 3. d4 cxd4 4. Nxd4 a6 5. Be3 Qc7 6. c4 Nf6 7. Nc3 Bb4 8. Bd3
Nc6 9. O-O Ne5 10. Bf4 Bd6 11. Be2 b6 12. Ndb5 axb5 13. Nxb5 Qc5 14. Nxd6+ Ke7
15. Nb5 Nxe4 16. b4 Qxb4 17. Bxe5 f6 18. Rb1 Qd2 19. Bd6+ Kf7 20. Bf3 Bb7 21.
Bb4 Qxd1 22. Rbxd1 Bc6 23. Bxe4 Bxe4 24. Nd6+ 1-0

[Event "Sparkassen-Open B"]
[Site "Heusenstamm, Martinsee"]
[Date "2017.11.25"]
[Round "4.26"]
[White "Goodwin, David"]
[Black "Mehl, Ulrich"]
[Result "1/2-1/2"]
[WhiteElo "1536"]
[BlackElo "1599"]
[PlyCount "46"]
[EventDate "2017.??.??"]
[WhiteTeam "SV Kelsterbach"]
[BlackTeam "Berkershm"]

1. Nf3 d5 2. g3 c5 3. Bg2 Nc6 4. d3 Nf6 5. Nbd2 Bf5 6. a3 e6 7. O-O Be7 8. c4
O-O 9. b3 Qd7 10. Nh4 Bg6 11. Nxg6 hxg6 12. Bh3 Kh7 13. Nf3 Rh8 14. Bb2 Kg8 15.
Bg2 Rb8 16. cxd5 exd5 17. Ne5 Nxe5 18. Bxe5 Rd8 19. f3 d4 20. Bxf6 gxf6 21. f4
b6 22. Rf3 f5 23. Qc2 Kg7 1/2-1/2

[Event "Sparkassen-Open B"]
[Site "Heusenstamm, Martinsee"]
[Date "2017.11.25"]
[Round "4.27"]
[White "Lehmann, Nils"]
[Black "Wachsmann, Elmar"]
[Result "1-0"]
[WhiteElo "1524"]
[BlackElo "1665"]
[PlyCount "143"]
[EventDate "2017.??.??"]
[WhiteTeam "SV Lahn Limburg"]
[BlackTeam "SC Groß-Umstadt"]

1. e4 e5 2. Nf3 Nc6 3. Bc4 Nf6 4. d3 d6 5. Nbd2 Be7 6. c3 O-O 7. Nf1 Na5 8. Bb5
a6 9. Ba4 b5 10. Bc2 c5 11. Ng3 Nc6 12. O-O Qb6 13. h3 Bd7 14. Be3 Qc7 15. Re1
Rac8 16. Rc1 Qb8 17. d4 c4 18. Re2 Rfd8 19. Rd2 h6 20. Qe1 Bf8 21. Rcd1 Ne7 22.
Qe2 Ng6 23. Bb1 Bc6 24. d5 Bd7 25. Nh2 Re8 26. Nhf1 Rc7 27. f3 Rb7 28. Bc2 Qc8
29. Bf2 Nf4 30. Qe1 Nh7 31. Ne3 Ng5 32. h4 Nh7 33. Ne2 g6 34. Nxf4 exf4 35. Nf1
h5 36. Re2 Bg7 37. Bd4 Be5 38. Bxe5 Rxe5 39. Nd2 Qd8 40. Qf2 Bc8 41. Rde1 Rbe7
42. Nb1 Nf6 43. Na3 Qe8 44. Kf1 Kg7 45. Bb1 g5 46. hxg5 Rxg5 47. Qh4 Rge5 48.
Qxf4 Nxd5 49. Qd2 Nf6 50. Qxd6 h4 51. Qd4 Nh5 52. Kf2 Qc6 53. Kg1 Qg6 54. Rf2
Nf4 55. Kh1 Kf8 56. Rg1 Rg5 57. Qh8+ Qg8 58. Qxg8+ Kxg8 59. Kh2 Re6 60. Rd2 Kg7
61. Nc2 Reg6 62. Ne3 Nh5 63. Bc2 h3 64. e5 Re6 65. Bf5 Re8 66. Bxc8 Rxc8 67.
gxh3 Rxg1 68. Kxg1 Rc5 69. Rd5 Rc8 70. Nf5+ Kf8 71. Rd6 Ra8 72. Rh6 1-0

[Event "Sparkassen-Open B"]
[Site "Heusenstamm, Martinsee"]
[Date "2017.11.25"]
[Round "4.28"]
[White "Hüttinger, Siegfried"]
[Black "Policarpo, Raphael"]
[Result "0-1"]
[WhiteElo "1519"]
[BlackElo "1633"]
[PlyCount "82"]
[EventDate "2017.??.??"]
[WhiteTeam "SC Königsspringer Alzenau"]
[BlackTeam "SC Heusenstamm"]

1. c4 e5 2. g3 c5 3. Bg2 Nc6 4. Nc3 d6 5. e3 Nf6 6. Nge2 Bd7 7. a3 Be7 8. d4
cxd4 9. exd4 exd4 10. Nxd4 O-O 11. O-O Rc8 12. Ncb5 a6 13. Nxc6 Bxc6 14. Na7
Bxg2 15. Nxc8 Bxf1 16. Nxe7+ Qxe7 17. Kxf1 Qe6 18. Kg2 Qe4+ 19. Qf3 Qxc4 20.
Qxb7 Re8 21. Be3 Qe2 22. Rc1 Rxe3 23. Rc8+ Re8 24. Rxe8+ Qxe8 25. Qxa6 d5 26.
b4 h6 27. Qd3 Qe4+ 28. Qxe4 dxe4 29. b5 Nd7 30. a4 Nb6 31. a5 Nc4 32. a6 Nb6
33. f4 f5 34. Kf2 Kf7 35. Ke3 Ke6 36. Kd4 Kd6 37. h3 g6 38. g4 h5 39. gxh5 gxh5
40. h4 Nd5 41. a7 Nb6 0-1

[Event "Sparkassen-Open B"]
[Site "Heusenstamm, Martinsee"]
[Date "2017.11.25"]
[Round "4.29"]
[White "Werner, Rosalie"]
[Black "Uphoff, Jürgen"]
[Result "1-0"]
[WhiteElo "1494"]
[BlackElo "1625"]
[PlyCount "47"]
[EventDate "2017.??.??"]
[WhiteTeam "VSG Offenbach"]
[BlackTeam "vereinslos"]

1. e4 d6 2. d4 b6 3. Nc3 Bb7 4. Bd2 Nf6 5. f3 g6 6. Bd3 Bg7 7. Nge2 O-O 8. O-O
Nc6 9. Kh1 Nd7 10. Be3 a6 11. a3 e6 12. Qe1 Ne7 13. Qg3 e5 14. f4 exd4 15. Bxd4
Nc5 16. Bxg7 Kxg7 17. f5 Ng8 18. Nf4 Nf6 19. Rae1 Qe7 20. Ncd5 Bxd5 21. Nxd5
Nxd5 22. exd5 Qf6 23. fxg6 Qxg6 24. Bxg6 1-0

[Event "Sparkassen-Open B"]
[Site "Heusenstamm, Martinsee"]
[Date "2017.11.25"]
[Round "4.30"]
[White "Kremenetskiy, Igor"]
[Black "Skopp, Jonathan"]
[Result "0-1"]
[WhiteElo "1603"]
[BlackElo "1218"]
[PlyCount "68"]
[EventDate "2017.??.??"]
[WhiteTeam "SF Heusenstamm"]
[BlackTeam "SV Empor Erfurt"]

1. e4 d5 2. exd5 Qxd5 3. Nc3 Qa5 4. Bc4 Nf6 5. d3 c6 6. Bd2 Qc7 7. a4 Bf5 8. h3
e6 9. Nge2 Nbd7 10. O-O Bd6 11. Qc1 O-O 12. Bf4 Nd5 13. Bxd6 Nxc3 14. Nxc3 Qxd6
15. Kh1 Nf6 16. Qd2 Rfd8 17. Ne2 Qc5 18. b4 Qxc4 19. Rfd1 Qh4 20. Ng1 h6 21.
Nf3 Qh5 22. Qf4 Nd5 23. Qh2 Bh7 24. Rab1 Nc3 25. Re1 Nxb1 26. Rxb1 Rac8 27. Re1
Qd5 28. Ne5 Qd6 29. f4 Qxb4 30. Qg3 Bf5 31. Qf2 Qd4 32. Qf3 Qxa4 33. g4 Bh7 34.
f5 Qa5 0-1

[Event "Sparkassen-Open B"]
[Site "Heusenstamm, Martinsee"]
[Date "2017.11.25"]
[Round "4.31"]
[White "Löhr, Frank"]
[Black "Kail, Thomas"]
[Result "0-1"]
[WhiteElo "1484"]
[BlackElo "1598"]
[PlyCount "86"]
[EventDate "2017.??.??"]
[WhiteTeam "SF Ötzingen"]
[BlackTeam "SK Klingenberg"]

1. d4 d5 2. c4 c6 3. Nc3 e6 4. e3 b6 5. Nf3 Nf6 6. cxd5 cxd5 7. Bb5+ Nfd7 8.
Ne5 Bd6 9. Qh5 Bxe5 10. dxe5 O-O 11. Bd3 g6 12. Qh6 Nxe5 13. Bc2 Qf6 14. h3
Nbc6 15. Nb5 Nb4 16. Nd4 Ned3+ 17. Bxd3 Nxd3+ 18. Kd2 Ba6 19. Nf3 Rac8 20. Qh4
Qxh4 21. Nxh4 Nxf2 22. Rg1 Rc7 23. b3 Nd3 24. Ba3 Rfc8 25. Ke2 Nb4+ 26. Kf3 Nc2
27. Bd6 Nxa1 28. Bxc7 Rxc7 29. Rxa1 g5 30. g3 gxh4 31. gxh4 f6 32. h5 Bd3 33.
h4 b5 34. a3 a5 35. b4 a4 36. Kf4 e5+ 37. Kf3 Rc4 38. h6 Rxh4 39. Rc1 Rxh6 40.
Rc8+ Kf7 41. Rc7+ Kg6 42. Rd7 Bc4 43. Kg4 Rh1 0-1

[Event "Sparkassen-Open B"]
[Site "Heusenstamm, Martinsee"]
[Date "2017.11.25"]
[Round "4.32"]
[White "Ketting, Douwe"]
[Black "Giebitz, Walter"]
[Result "0-1"]
[WhiteElo "1580"]
[BlackElo "1483"]
[PlyCount "46"]
[EventDate "2017.??.??"]
[WhiteTeam "SC Somborn"]
[BlackTeam "SC Steinbach"]

1. b4 e5 2. Bb2 d6 3. e3 Nf6 4. a3 Be7 5. Nf3 O-O 6. Be2 Bf5 7. d3 Nbd7 8. O-O
c5 9. bxc5 Nxc5 10. e4 Bg4 11. h3 Bxf3 12. Bxf3 Rc8 13. c4 Qb6 14. Qc2 Nxd3 15.
Qxd3 Qxb2 16. Nd2 Qb6 17. Rfb1 Qc7 18. Qb3 b6 19. Be2 Nd7 20. Qe3 h6 21. Nf3
Nc5 22. Rc1 Qc6 23. Bd3 Nb3 0-1

[Event "Sparkassen-Open B"]
[Site "Heusenstamm, Martinsee"]
[Date "2017.11.25"]
[Round "4.33"]
[White "Eckhoff, Mathias"]
[Black "Gräf, Kilian Gabriel"]
[Result "1-0"]
[WhiteElo "1393"]
[BlackElo "1573"]
[PlyCount "87"]
[EventDate "2017.??.??"]
[WhiteTeam "SK Hungen"]
[BlackTeam "SV Frankfurt Nord"]

1. e4 d6 2. d4 Nf6 3. Nc3 g6 4. f3 Bg7 5. Be3 O-O 6. Qd2 Nbd7 7. Bh6 c5 8. g4
cxd4 9. Nce2 e5 10. h4 d5 11. exd5 Nxd5 12. h5 N7f6 13. hxg6 fxg6 14. Bxg7 Kxg7
15. Qh6+ Kg8 16. g5 Qa5+ 17. Kf2 Qd2 18. gxf6 Qxh6 19. Rxh6 Nxf6 20. Ng3 Ng4+
21. Kg2 Nxh6 22. Bc4+ Nf7 23. Ne4 Kg7 24. Ne2 Bd7 25. f4 Rac8 26. Bb3 Bf5 27.
N4g3 Bxc2 28. fxe5 Bxb3 29. axb3 a6 30. Nxd4 Nxe5 31. Ne6+ Kf7 32. Nxf8 Rxf8
33. Rc1 Nc6 34. Ne4 Rd8 35. Rf1+ Kg7 36. Rf2 h5 37. Nc5 Na5 38. Ne6+ Kh6 39.
Nxd8 b5 40. b4 Nc4 41. Ne6 h4 42. Kh3 g5 43. Rf6+ Kh5 44. Ng7# 1-0

[Event "Sparkassen-Open B"]
[Site "Heusenstamm, Martinsee"]
[Date "2017.11.25"]
[Round "4.34"]
[White "Klein, Simon"]
[Black "El-Lawindy, Asem"]
[Result "1-0"]
[WhiteElo "1302"]
[BlackElo "1562"]
[PlyCount "47"]
[EventDate "2017.??.??"]
[WhiteTeam "SK Hungen"]
[BlackTeam "VSG Offenbach"]

1. e4 e5 2. Bc4 Nf6 3. d4 c5 4. dxe5 Nxe4 5. Qd5 Qe7 6. Qxe4 Nc6 7. Nf3 h6 8.
Nc3 Qd8 9. O-O Be7 10. b3 O-O 11. Qg4 Kh8 12. Nd5 d6 13. Qg3 dxe5 14. Nxe7 Qxe7
15. Bb2 f6 16. Nh4 Qe8 17. Ng6+ Kh7 18. Nxf8+ Qxf8 19. f4 e4 20. f5 Nd4 21.
Qg6+ Kh8 22. Rf4 Qd6 23. Qe8+ Kh7 24. Bg8+ 1-0

[Event "Sparkassen-Open B"]
[Site "Heusenstamm, Martinsee"]
[Date "2017.11.25"]
[Round "4.35"]
[White "Schwegler, Jelena"]
[Black "Fritsch, Reinhold"]
[Result "1-0"]
[WhiteElo "1462"]
[BlackElo "1653"]
[PlyCount "87"]
[EventDate "2017.??.??"]
[WhiteTeam "SK Bad Homburg"]
[BlackTeam "SC Somborn"]

1. e4 d6 2. d4 g6 3. Nf3 Bg7 4. Bc4 Nf6 5. Nc3 O-O 6. O-O Nxe4 7. Nxe4 d5 8.
Bxd5 Qxd5 9. Nc3 Qd8 10. h3 Nd7 11. Bf4 c6 12. Qd2 Nf6 13. Rfe1 Re8 14. Rad1
Nd5 15. Nxd5 Qxd5 16. b3 Bf5 17. c4 Qd7 18. Bh6 f6 19. Bxg7 Kxg7 20. d5 Qc7 21.
Nd4 Bd7 22. dxc6 bxc6 23. Nb5 cxb5 24. Qxd7 Qxd7 25. Rxd7 Kf7 26. cxb5 h5 27.
a4 Kf8 28. Rc1 Red8 29. Rcc7 Rxd7 30. Rxd7 Ke8 31. Rb7 Kd8 32. a5 g5 33. Kf1 a6
34. b6 f5 35. Ra7 Rb8 36. Rxa6 Kd7 37. Ra7+ Kd6 38. Ke2 e5 39. Rh7 Kc6 40. Re7
Kd6 41. Rf7 Ke6 42. Rh7 h4 43. Rh6+ Kd5 44. a6 1-0